| 000 | 00000nam##2200000za#4500 |
| 001 | 9.647836 |
| 003 | CaOODSP |
| 005 | 20210615112812 |
| 007 | ta |
| 008 | 150407|2000||||xxc||||| f|0| 0 eng|d |
| 020 | |a0-662-29262-6 |
| 040 | |aCaOODSP|beng |
| 043 | |an-cn--- |
| 086 | 1 |aE94-153/2000E |
| 110 | 1 |aCanada.|bCanadian International Development Agency. |
| 245 | 10|aYour guide to the Industrial Cooperation Program |
| 260 | |aOttawa - Ontario : |bCanadian International Development Agency |c2000. |
| 300 | |a16p. ; |c28 cm. |
| 500 | |a"You should use this guide if you own a Canadian firm you're interested in working in developing countries. This guide will help you decide whether or not you would like to receive support from in CIDA's Industrial Cooperation Program."--Page 2. |
| 520 | 3 |aYou should use this guide if you own a Canadian firm you're interested in working in developing countries. This guide will help you decide whether or not you would like to receive support from in CIDA's Industrial Cooperation Program.--Page 2 |
| 563 | |aSoftcover |
| 590 | |a00-38|b2000-09-22 |
| 690 | 07|aInternational development|2gcpds |
| 690 | 07|aAid programs|2gcpds |
| 775 | 08|tGuide du Programme de coopération industrielle |w(CaOODSP)9.681216 |
| 776 | 0#|tYour guide to the Industrial Cooperation Program |w(CaOODSP)9.696201 |